1665 1154 1563 1097 1523 1321 1313 1582 1154 1206 1593 1183 1473 1529 1619 1090 1693 1669 1404 1837 1505 1611 1157 1258 1649 1614 1975 1485 1788 1861 1560 1690 1195 1508 1125 1526 1503 1448 1330 1972 1170 1220 1381 1592 1718 1576 1402 1530 1625 1196 1384 1379 1859 1547 1533 1167 1103 1848 1092 1654 1891 1088 1496 1890 1658 1870 1808 1929 1076 1855 1995 1312 1409 1582 1599 1312 1466 1783 1018 1082 1759 1718 1201 1231 1121 1887 1107 1213 1359 1017 1032 1447 1729 1460 1903 1424 1494 1226 1788 BCNSPRNW ULIB Ver.6.0+V

เปลี่ยนเป็นภาษาไทย

Change to English
 แสดงรายละเอียดบรรณานุกรม
  กลับหน้าหลัก

Brief Record : Get Marc (ISO 2709) : E-mail record : QR code < ปิดหน้าต่าง
LEADER : 00000nam 2200000uu 4500
001    13399122510
003     ULIB
008    980814s2541 th m 000 0 tha d
020    ^a9745898732
099    ^aวพ.WA350^bป168ก
100 0  ^aปนัดดา จั่นผ่อง,^d2509-
245 10 ^aการรับรู้บทบาทการเป็นบิดาของนักศึกษาชายระดับประกาศนียบัตรวิชาชีพชั้นสูงจังหวัดนครสวรรค์ =^bPerception of father roles of the vocational male students, Nakhonsawan province /^cปนัดดา จั่นผ่อง
246 31 ^aPerception of father roles of the vocational male students,Nakhonsawan province
260    ^a^c2541
300    ^aก-ญ, 176 แผ่น ;^c30 ซม.
500    ^aSend to Single Search
502    ^aวิทยานิพนธ์ (วท.ม. (สาธารณสุขศาสตร์))--มหาวิทยาลัยมหิดล, 2541
610 24 ^aมหาวิทยาลัยมหิดล^xวิทยานิพนธ์
610 24 ^aมหาวิทยาลัยมหิดล. ^bคณะสาธารณสุขศาสตร์^xวิทยานิพนธ์
650  4 ^aการรับรู้
650  4 ^aบทบาทการเป็นบิดา
650  4 ^aความสัมพันธ์ระหว่างบิดาและบุตร
691    ^aวท.ม. (2541)
692    ^aอนามัยครอบครัว (มหาวิทยาลัยมหิดล 2541)
710 2  ^aมหาวิทยาลัยมหิดล
710 2  ^aมหาวิทยาลัยมหิดล. ^bคณะสาธารณสุขศาสตร์
945    ^p0^l0^i009597
999    ^aกมลทิพย์ ธนสารสุธี
รายการนี้ยังไม่มีแท็ก
คุณยังไม่ได้ล็อกอิน คุณสามารถมีกิจกรรมร่วมกับเว็บไซต์ได้ แต่ต้องล็อกอินก่อน ::
  ล็อกอิน

รายการสื่อสารสนเทศ

ลำดับที่ ประเภท เลขเรียก/บาร์โค้ด สถานที่ สถานะ
1. วิทยานิพนธ์
วิทยานิพนธ์
วพ.WA350 ป168ก  
  Barcode: 009597
ห้องสมุดวิทยาเขตสวรรค์ประชารักษ์
► วิทยานิพนธ์
บนชั้น

รายการใกล้เคียง
    หัวเรื่อง [การรับรู้]
    หัวเรื่อง [บทบาทการเป็นบิดา]

BibComment


ยังไม่เคยถูกคอมเมนท์

คอมเมนท์ทรัพยากรรายการนี้
  คอมเมนท์: การรับรู้บทบาทกา..


 Copyright 2026. Bcnsprnw @Library